2011-12 Premier League Final Table - Statistics

General Stats
  • This quiz has been taken 15 times
  • The average score is 16 of 20
Answer Stats
Position Team Won Drew Lost GF/GA GD Points % Correct
3 Arsenal 21 7 10 74/49 25 70
100%
1 Manchester City 28 5 5 93/29 64 89
100%
2 Manchester United 28 5 5 89/33 56 89
100%
5 Newcastle United 19 8 11 56/51 5 65
100%
4 Tottenham Hotspur 20 9 9 66/41 25 69
100%
6 Chelsea 18 10 10 65/46 19 64
89%
7 Everton 15 11 12 50/40 10 56
89%
9 Fulham 14 10 14 48/51 -3 52
89%
8 Liverpool 14 10 14 47/40 7 52
89%
13 Sunderland 11 12 15 45/46 -1 45
89%
16 Aston Villa 7 17 14 37/53 -16 38
78%
19 Blackburn Rovers 8 7 23 48/78 -30 31
78%
18 Bolton Wanderers 10 6 22 46/77 -31 36
78%
12 Norwich City 12 11 15 52/66 -14 47
78%
17 Queens Park Rangers 10 7 21 43/66 -23 37
78%
14 Stoke City 11 12 15 36/53 -17 45
78%
20 Wolverhampton Wanderers 5 10 23 40/82 -42 25
67%
11 Swansea City 12 11 15 44/51 -7 47
56%
10 West Bromwich Albion 13 8 17 45/52 -7 47
56%
15 Wigan Athletic 11 10 17 42/62 -20 43
56%
No matching quizzes found
Score Distribution
Percent of People with Each Score
Percentile by Number Answered
Your Score History
You have not taken this quiz